000 00346nam a22001337a 4500
005 20250901165816.0
008 250328b |||||||| |||| 00| 0 eng d
020 _a9789966258700
050 _aPR 2808 .S53 2012
245 _aJulius Caesar
_cWilliam Shakespeare
260 _aNairobi:
_bEAEP,
_cc2012.
300 _axii, 142p.:
_c18 cm.
942 _2lcc
999 _c9497
_d9497